<?xml version="1.0" encoding="UTF-8"?><?xml-stylesheet type="text/xsl" href="static/style.xsl"?><OAI-PMH xmlns="http://www.openarchives.org/OAI/2.0/" xmlns:xsi="http://www.w3.org/2001/XMLSchema-instance" xsi:schemaLocation="http://www.openarchives.org/OAI/2.0/ http://www.openarchives.org/OAI/2.0/OAI-PMH.xsd"><responseDate>2026-04-28T23:02:46Z</responseDate><request verb="GetRecord" identifier="oai:riubu.ubu.es:10259/5356" metadataPrefix="marc">https://riubu.ubu.es/oai/request</request><GetRecord><record><header><identifier>oai:riubu.ubu.es:10259/5356</identifier><datestamp>2023-11-29T10:51:53Z</datestamp><setSpec>com_10259_2699</setSpec><setSpec>col_10259_2703</setSpec></header><metadata><record xmlns="http://www.loc.gov/MARC21/slim" xmlns:doc="http://www.lyncode.com/xoai" xmlns:xsi="http://www.w3.org/2001/XMLSchema-instance" xmlns:dcterms="http://purl.org/dc/terms/" xsi:schemaLocation="http://www.loc.gov/MARC21/slim http://www.loc.gov/standards/marcxml/schema/MARC21slim.xsd">
<leader>00925njm 22002777a 4500</leader>
<datafield tag="042" ind1=" " ind2=" ">
<subfield code="a">dc</subfield>
</datafield>
<datafield tag="720" ind1=" " ind2=" ">
<subfield code="a">González Alonso, María Yolanda</subfield>
<subfield code="e">author</subfield>
</datafield>
<datafield tag="260" ind1=" " ind2=" ">
<subfield code="c">2014</subfield>
</datafield>
<datafield tag="520" ind1=" " ind2=" ">
<subfield code="a">Este trabajo de investigación parte de las bases teóricas sobre las que se sustenta el proceso de envejecimiento de las personas con parálisis cerebral (en adelante PC). El envejecimiento rápido y progresivo de la población en estos últimos años tiene repercusiones sociales, económicas y culturales que demandan cambios inmediatos e importantes en nuestra sociedad, con el objetivo de conseguir la atención y promoción del bienestar, calidad de vida, autonomía personal y pleno desarrollo de las personas con discapacidad que envejecen. No existen estudios sobre este tema que permitan un conocimiento riguroso y exacto de las necesidades de las personas con PC que envejecen y esto supone un obstáculo importante para diseñar una red de servicios adecuada a los recursos económicos, materiales y humanos que den respuesta y atención a las necesidades presentes y futuras de este colectivo.</subfield>
</datafield>
<datafield tag="024" ind2=" " ind1="8">
<subfield code="a">http://hdl.handle.net/10259/5356</subfield>
</datafield>
<datafield tag="024" ind2=" " ind1="8">
<subfield code="a">10.36443/10259/5356</subfield>
</datafield>
<datafield ind1=" " ind2=" " tag="653">
<subfield code="a">Salud personal</subfield>
</datafield>
<datafield ind1=" " ind2=" " tag="653">
<subfield code="a">Recursos sanitarios</subfield>
</datafield>
<datafield ind1=" " ind2=" " tag="653">
<subfield code="a">Recursos sociales</subfield>
</datafield>
<datafield ind1=" " ind2=" " tag="653">
<subfield code="a">Recursos económicos</subfield>
</datafield>
<datafield ind1=" " ind2=" " tag="653">
<subfield code="a">Accesibilidad</subfield>
</datafield>
<datafield ind1=" " ind2=" " tag="653">
<subfield code="a">Personal	health</subfield>
</datafield>
<datafield ind1=" " ind2=" " tag="653">
<subfield code="a">Sanitary resources</subfield>
</datafield>
<datafield ind1=" " ind2=" " tag="653">
<subfield code="a">Social resources</subfield>
</datafield>
<datafield ind1=" " ind2=" " tag="653">
<subfield code="a">Economic resources</subfield>
</datafield>
<datafield ind1=" " ind2=" " tag="653">
<subfield code="a">Accessibility</subfield>
</datafield>
<datafield tag="245" ind1="0" ind2="0">
<subfield code="a">Necesidades percibidas en el proceso de envejecimiento de las personas con parálisis cerebral</subfield>
</datafield>
</record></metadata></record></GetRecord></OAI-PMH>